30 Biggest Cities in Denmark - Statistics

General Stats
  • This quiz has been taken 137 times
  • The average score is 14 of 30
Answer Stats
Lp City Population % Correct
1. Copenhagen 1 153 615
98%
4. Aalborg 122 219
92%
3. Odense 145 931
92%
2. Århus 237 551
86%
6. Esbjerg 72 205
78%
7. Randers 55 780
74%
14. Roskilde 44 285
70%
8. Kolding 55 363
67%
10. Horsens 50 074
66%
22. Helsingør 35 048
57%
20. Fredericia 36 949
52%
24. Køge 33 885
51%
13. Herning 44 763
48%
15. Silkeborg 41 674
46%
23. Viborg 34 831
45%
26. Slagelse 31 896
43%
25. Holstebro 32 072
42%
5. Frederiksberg 95 029
41%
16. Næstved 40 660
40%
28. Hillerød 30 853
39%
27. Taastrup 30 977
32%
21. Hørsholm 36 670
29%
29. Rødovre 30 000
26%
11. Hvidovre 49 380
25%
9. Veile 51 177
23%
18. Ballerup 40 000
22%
30. Albertslund 30 000
21%
12. Greve 47 671
19%
17. Charlottenlund 40 000
12%
19. Vanløse 37 115
11%
No matching quizzes found
Score Distribution
Percent of People with Each Score
Percentile by Number Answered
Your Score History
You have not taken this quiz